000 01136nas a2200385 4500
001 BR2011003284
003 BR-BrBNA
005 20231205115010.0
007 ta
008 230509b bl.|||p| |||| 00| 00por d
040 _aBR-BrBNA
_bpor
_cBiblioteca Nacional de Agricultura
041 _a(Pt)
072 _aL02
100 1 _aRoman, J.
100 1 _aJobim, C.C.
100 1 _aResende, F.D.
100 1 _aSiqueira, G.R.
100 1 _aFaria, M.H.
100 1 _aRivas, R.
245 1 _aComposição física da carcaça e características da carne de bovinos de corte terminados em confinamento com diferentes dietas
650 _aGADO DE CORTE
650 _aCARNE
650 _aCARCAÇA
650 _aGORDURA
650 _aCONFINAMENTO
650 _aDIETA
650 _aEFICIÊNCIA NUTRICIONAL
650 _aSILAGEM
650 _aMILHO
650 _aCANA DE AÇÚCAR
650 _aENGORDA
773 0 _tArquivo Brasileiro de Medicina Veterinária e Zootecnia (Brazil)
_xISSN 0102-0935
_g(Dec 2010), v. 62(6) p. 1430-1438
_wBR2011003284
909 _a202311
_bLúcia
_c55
_dLúcia Elande
942 _2AGRIS
_n0
_cANA
999 _c211603
_d211603